Die ersten Jahre König Erichs von Pommern in Skandinavien
| Titel: | Die ersten Jahre König Erichs von Pommern in Skandinavien |
|---|---|
| Verfasser: | |
| In: |
Pommern, (1996), Seite 89-99 alle Artikel anzeigen |
| Veröffentlicht: | 1996 |
| Format: | Aufsatz |
| Sprache: | Deutsch |
X
alg: 39259034 001A $01999:11-11-16 001B $01999:06-04-21 $t20:51:01.000 001D $01999:11-11-16 001U $0utf8 001X $00 002@ $0Aox 003@ $0392590344 007A $0392590344 $aHEB 007T $0Herd08726 010@ $ager 011@ $a1996 021A $aDie @ersten Jahre König Erichs von Pommern in Skandinavien 028A $#Olesen, Jens $7140956727 $8Olesen, Jens E.$Z1950- [Tp3] $9222238518 031A $h89-99 $j1996 039B $aIn $8--Aau--. Pommern. - Greifswald : Steinbecker Verl. Rose, 1996. - 468 S.. - Ill., Kt.. - ISBN 3-931483-08-8 $x199600000000000911 $9050939963 045F $a900.9438160902 $eDDC23BSB 045F/01 $a900 045F/03 $f0902 045F/03 $g43816 lok: 39259034 78 exp: 39259034 78 1 #EPN 201B/01 $016-10-20 $t22:51:59.000 201U/01 $0utf8 203@/01 $0788688553 208@/01 $a11-11-16 $be 209A/01 $a/ $f000 $x00 220C/01 $aTitelaufnehmer: nk 244Z/01 $2Trx $#Pomeranija $#Pommern $#Pomoransko $#Pomořansko $#Hinterpommern;Vorpommern;Mittelpommern $#Pomorze Środkowe;Pomorze Przednie $#Pomořansko;Západní Pomořany; Pomořany $8--Trx--Pomorze Zachodnie $x01 $9391303775 244Z/01 $2Trx $#Danija $#Dänemark $#Denmark $#Dania $#Dánsko $8--Trx--Danmark $x02 $9391147269 244Z/01 $#Sverigg $#Sweden $#Suède $#Konungariket Sverige $#Švecija $#Königreich Schweden $#Suecia $#Svezia $#Sverige $#Zviedrija $#Zweden $#Szwecja $#Kingdom of Sweden $74077258-5 $8--Tgz--Schweden $x03 $9085218812 244Z/01 $2Trx $#Norwegen $#Norwegia $#Nórsko $#Norsko $8--Trx--Norge $x04 $9391308041 244Z/01 $aGeschichte 1382-1459 $x05 244Z/01 $#ErichVII. $#Éric VII. $#Eric VII. $#Éric $#Erich $#Erich $#Erich III. $#Erich I. $#Erich XIII. $#Erich $#Ericus VII. $#Ericus $#Erik $#Erich VII. $#Erich I. $#Erich $#Erik $#Eryk $#Ericus $#Eryk I. $#Erich VII. $7119446359 $8--Tp1--$PErik$nVII.$lDanmark, Konge$Z1382-1459 $x06 $9087786079 244Z/01 $2Trx $#Markéta I. Dánská $#Margarethe I. $#Margrete I. $8--Trx--$PMargarethe I.$Z1353-1412 $x07 $9390785563 244Z/01 $2Trx $#Kalmar , liit 1397 $#Kalmaro unija 1397 $#Kalmar Union 1397 $#kalmári unió 1397 $#Unia Kalmarska 1397 $#Kalmarská únia 1397 $#jednota kalmarská 1397 $8--Trx--Kalmarer Union$g1397 $x08 $9391353268 244Z/01 $2Trx $8--Trx--Einzelbeiträge $x09 $9391384570 245Z/01 $a06.02 $x01 247C/01 $82080>Marburg/Lahn, Herder-Institut, Forschungsbibliothek, Bibliographieportal $9336309341
| LEADER | 00000caa a22000002c 4500 | ||
|---|---|---|---|
| 001 | 392590344 | ||
| 003 | DE-603 | ||
| 005 | 20210406205101.0 | ||
| 007 | tu | ||
| 008 | 161111s1996 xx |||| | u00||u|ger c | ||
| 035 | |a (DE-599)HEB392590344 | ||
| 040 | |a DE-603 |b ger |c DE-603 |d DE-603 | ||
| 041 | |a ger | ||
| 082 | 0 | 4 | |8 1\u |a 900.9438160902 |q DE-101 |2 23/BSB |
| 085 | |8 1\u |b 900 | ||
| 085 | |8 1\u |z 1 |s 0902 | ||
| 085 | |8 1\u |z 2 |s 43816 | ||
| 100 | 1 | |a Olesen, Jens E. |d 1950- |0 (DE-603)222238518 |0 (DE-588)140956727 |2 gnd | |
| 245 | 0 | 0 | |a Die ersten Jahre König Erichs von Pommern in Skandinavien |
| 264 | 0 | |c 1996 | |
| 773 | 0 | 8 | |i In |t Pommern |d Greifswald : Steinbecker Verl. Rose, 1996 |h 468 S., Ill., Kt. |z 3931483088 |g (1996), Seite 89-99 |w (DE-603)050939963 |
| 924 | 0 | |9 2080 |a (DE-603)788688553 |b DE-2080 |c HES |d d |g / | |


